000 00268nam a2200121Ia 4500
008 190216s9999||||xx |||||||||||||| ||und||
100 _aAlokmehtha
245 0 _aHindi-Bharath Mem Pathrakaritha
260 _bNaishan
300 _a286
650 _aHindi
942 _cBK
999 _c16379
_d16379